Getting started in amateur radio / (Record no. 183513)
[ view plain ]
| 000 -LEADER | |
|---|---|
| fixed length control field | 00850 a2200193 4500 |
| 003 - CONTROL NUMBER IDENTIFIER | |
| control field | Nust |
| 005 - DATE AND TIME OF LATEST TRANSACTION | |
| control field | 20221227184207.0 |
| 010 ## - LIBRARY OF CONGRESS CONTROL NUMBER | |
| LC control number | 57011292 |
| 040 ## - CATALOGING SOURCE | |
| Transcribing agency | Nust |
| 082 ## - DEWEY DECIMAL CLASSIFICATION NUMBER | |
| Classification number | 621.38416,BER |
| 100 ## - MAIN ENTRY--PERSONAL NAME | |
| Personal name | Berens, Julius |
| 9 (RLIN) | 106123 |
| 245 ## - TITLE STATEMENT | |
| Title | Getting started in amateur radio / |
| Statement of responsibility, etc. | Julius Berens, |
| 260 ## - PUBLICATION, DISTRIBUTION, ETC. | |
| Place of publication, distribution, etc. | J.F. Rider |
| Name of publisher, distributor, etc. | New York, |
| Date of publication, distribution, etc. | 1957 |
| 300 ## - PHYSICAL DESCRIPTION | |
| Extent | 136 p |
| Other physical details | illus |
| Dimensions | 22 cm |
| 505 ## - FORMATTED CONTENTS NOTE | |
| Formatted contents note | Introduction (Page-1), The Code and the Code Key (Page-8), Radio Theory for Obtaining a Novice Class License (Page-21), Study Questions and Sample Novice Class License Examination (Page-52), Radio Theory for Obtaining a General Class License (Page-62), Study Questions and Sample General Class License Examination (Page-72), Regulations (Page-104). |
| 600 ## - SUBJECT ADDED ENTRY--PERSONAL NAME | |
| Personal name | Berens, Julius |
| 9 (RLIN) | 106123 |
| 650 ## - SUBJECT ADDED ENTRY--TOPICAL TERM | |
| Topical term or geographic name entry element | Getting started in amateur radio |
| 9 (RLIN) | 106124 |
| 942 ## - ADDED ENTRY ELEMENTS (KOHA) | |
| Source of classification or shelving scheme | |
| Koha item type | Book |
| Withdrawn status | Lost status | Source of classification or shelving scheme | Damaged status | Not for loan | Permanent Location | Current Location | Shelving location | Date acquired | Full call number | Barcode | Date last seen | Price effective from | Koha item type | Public note |
|---|---|---|---|---|---|---|---|---|---|---|---|---|---|---|
| Military College of Signals (MCS) | Military College of Signals (MCS) | General Stacks | 12/12/2016 | 621.38416,BER | MCS6868 | 12/08/2016 | 12/12/2016 | Book | Almirah No.38, Shelf No.6 |
